| 000 | 01094nac a22002411u 4500 | ||
|---|---|---|---|
| 020 | _a0077104226 | ||
| 082 | 0 | 0 |
_a338.094 _bJ176 |
| 090 |
_c2365 _d2365 |
||
| 100 | _aJacobson, David, | ||
| 245 | 1 | 0 |
_aIndustrial economics and organization : _ba European perspective / _cDavid Jacobson and Bernadette AndreÌ?osso-O'Callaghan. |
| 260 |
_aLondon : _bMcGraw-Hill,2005 _c2005. |
||
| 300 |
_axii, 602 p. ; _c25 cm. |
||
| 504 | _aIncludes bibliographical references (p. 326-354) and index. | ||
| 650 | 0 |
_aIndustries _zEuropean Union countries. |
|
| 650 | 0 |
_aIndustrial policy _zEuropean Union countries. |
|
| 650 | 0 |
_aDeregulation _zEuropean Union countries. |
|
| 650 | 0 |
_aIndustrial location _zEuropean Union countries. |
|
| 650 | 0 |
_aIndustrial organization _zEuropean Union countries. |
|
| 650 | 0 | _aIndustrial organization (Economic theory) | |
| 700 | 2 |
_aAndreÌ?osso-O'Callaghan, Bernadette, _d1959- |
|
| 942 |
_cBB _k338.094 J176 |
||
| 999 |
_c2365 _d2365 |
||